Turkish Country Names Ending With "ya" - Statistics

General Stats
  • This quiz has been taken 22 times
  • The average score is 31 of 34
Answers on the Map
Answers color-coded by a green-red scale on the quiz's map according to % correct below.
 
Answer Stats
Answer % Correct
Australia
100%
Austria
100%
Bolivia
100%
Brazil
100%
Cambodia
100%
Colombia
100%
Estonia
100%
Finland
100%
Gambia
100%
Italy
100%
Japan
100%
Kenya
100%
North Macedonia
100%
Spain
100%
Czechia
95%
Ethiopia
95%
Germany
95%
Lithuania
95%
Indonesia
90%
Liberia
90%
Libya
90%
Malaysia
85%
Micronesia
85%
Nigeria
85%
Poland
85%
Romania
85%
Russia
85%
Slovenia
85%
Tanzania
85%
Zambia
85%
Latvia
80%
Mauritania
80%
Namibia
80%
Slovakia
80%
No matching quizzes found
Score Distribution
Percent of People with Each Score
Percentile by Number Answered
Your Score History
You have not taken this quiz